[Event "DVM U20 2020"]
[Site "Willingen GER"]
[Date "2021.06.27"]
[Round "7"]
[White "Grimm, Ling Leander"]
[Black "Boldt, Timo"]
[Result "1-0"]
[Termination "normal"]
[Board "6.6"]
[WhiteElo "1811"]
[BlackElo "1648"]
[WhiteClock "00:18:28"]
[BlackClock "01:02:29"]
[WhiteTeam "SK Bebenhausen 1992"]
[BlackTeam "SC Kreuzberg e.V."]
[PlyCount "61"]
[WhiteFideId "12968277"]
[BlackFideId "12974854"]
[EventCountry "GER"]
[EventRounds "7"]
[EventType "team-swiss"]
[EventDate "2021.06.23"]

1. e4 {[%clk 01:30:47]} {[%emt 00:00:12]} c5 {[%clk 01:30:32]} {[%emt
00:00:28]} 2. d4 {[%clk 01:31:14]} {[%emt 00:00:05]} cxd4 {[%clk 01:30:48]}
{[%emt 00:00:13]} 3. c3 {[%clk 01:30:08]} {[%emt 00:01:36]} d3 {[%clk
01:31:14]} {[%emt 00:00:04]} 4. Bxd3 {[%clk 01:29:47]} {[%emt 00:00:51]} Nc6
{[%clk 01:31:30]} {[%emt 00:00:15]} 5. Nf3 {[%clk 01:28:34]} {[%emt 00:01:42]}
d6 {[%clk 01:31:48]} {[%emt 00:00:12]} 6. c4 {[%clk 01:27:01]} {[%emt
00:02:03]} g6 {[%clk 01:31:46]} {[%emt 00:00:32]} 7. Be3 {[%clk 01:24:03]}
{[%emt 00:03:28]} Bg7 {[%clk 01:31:59]} {[%emt 00:00:17]} 8. Qd2 {[%clk
01:24:01]} {[%emt 00:00:32]} Bg4 {[%clk 01:30:33]} {[%emt 00:01:56]} 9. Be2
{[%clk 01:23:23]} {[%emt 00:01:08]} Nf6 {[%clk 01:28:43]} {[%emt 00:02:20]} 10.
Nc3 {[%clk 01:20:31]} {[%emt 00:03:22]} Qc8 {[%clk 01:22:37]} {[%emt 00:06:37]}
11. Rc1 {[%clk 01:14:47]} {[%emt 00:06:14]} O-O {[%clk 01:21:43]} {[%emt
00:01:24]} 12. b3 {[%clk 01:14:01]} {[%emt 00:01:15]} Nd7 {[%clk 01:20:40]}
{[%emt 00:01:33]} 13. O-O {[%clk 01:10:35]} {[%emt 00:03:56]} Nde5 {[%clk
01:20:30]} {[%emt 00:00:41]} 14. Nxe5 {[%clk 01:09:03]} {[%emt 00:02:01]} Nxe5
{[%clk 01:20:52]} {[%emt 00:00:07]} 15. Nd5 {[%clk 01:06:05]} {[%emt 00:03:29]}
Qd8 {[%clk 01:16:11]} {[%emt 00:05:10]} 16. f4 {[%clk 00:42:06]} {[%emt
00:24:30]} Bxe2 {[%clk 01:16:24]} {[%emt 00:00:17]} 17. Qxe2 {[%clk 00:42:29]}
{[%emt 00:00:07]} Nd7 {[%clk 01:16:12]} {[%emt 00:00:42]} 18. Rcd1 {[%clk
00:34:15]} {[%emt 00:08:44]} Nf6 {[%clk 01:14:46]} {[%emt 00:01:56]} 19. Nxf6+
{[%clk 00:34:07]} {[%emt 00:00:39]} exf6 {[%clk 01:10:20]} {[%emt 00:04:55]}
20. Bc5 {[%clk 00:32:00]} {[%emt 00:02:36]} Re8 {[%clk 01:10:22]} {[%emt
00:00:29]} 21. Bxd6 {[%clk 00:31:10]} {[%emt 00:01:21]} Qb6+ {[%clk 01:10:33]}
{[%emt 00:00:18]} 22. c5 {[%clk 00:29:16]} {[%emt 00:02:24]} Qc6 {[%clk
01:10:51]} {[%emt 00:00:12]} 23. Rfe1 {[%clk 00:29:27]} {[%emt 00:00:20]} Bf8
{[%clk 01:10:25]} {[%emt 00:00:55]} 24. Qc4 {[%clk 00:27:39]} {[%emt 00:02:18]}
b6 {[%clk 01:09:23]} {[%emt 00:01:33]} 25. b4 {[%clk 00:22:01]} {[%emt
00:06:07]} Rac8 {[%clk 01:08:23]} {[%emt 00:01:29]} 26. b5 {[%clk 00:20:25]}
{[%emt 00:02:07]} Qa8 {[%clk 01:02:13]} {[%emt 00:06:41]} 27. c6 {[%clk
00:18:54]} {[%emt 00:02:01]} Bxd6 {[%clk 01:02:33]} {[%emt 00:00:09]} 28. Rxd6
{[%clk 00:19:14]} {[%emt 00:00:10]} f5 {[%clk 01:02:17]} {[%emt 00:00:46]} 29.
Rd7 {[%clk 00:19:14]} {[%emt 00:00:31]} Rf8 {[%clk 01:02:17]} {[%emt 00:00:30]}
30. e5 {[%clk 00:18:38]} {[%emt 00:01:06]} Rcd8 {[%clk 01:02:29]} {[%emt
00:00:18]} 31. e6 {[%clk 00:18:28]} {[%emt 00:00:40]} 1-0

[Event "DVM U20 2020"]
[Site "Willingen GER"]
[Date "2021.06.27"]
[Round "7"]
[White "Krastev, Alexander"]
[Black "Knüdel, Torben"]
[Result "1-0"]
[Termination "normal"]
[Board "7.1"]
[WhiteTitle "FM"]
[WhiteElo "2355"]
[BlackElo "2204"]
[WhiteClock "00:46:16"]
[BlackClock "00:21:28"]
[WhiteTeam "Biebertaler Schachfreunde"]
[BlackTeam "Post SV Uelzen"]
[PlyCount "69"]
[WhiteFideId "12989983"]
[BlackFideId "16208820"]
[EventCountry "GER"]
[EventRounds "7"]
[EventType "team-swiss"]
[EventDate "2021.06.23"]

1. e4 {[%clk 01:30:58]} {[%emt 00:00:02]} e5 {[%clk 01:30:57]} {[%emt
00:00:03]} 2. Nc3 {[%clk 01:31:23]} {[%emt 00:00:04]} Nf6 {[%clk 01:31:23]}
{[%emt 00:00:04]} 3. f4 {[%clk 01:31:49]} {[%emt 00:00:04]} d5 {[%clk
01:31:32]} {[%emt 00:00:21]} 4. fxe5 {[%clk 01:32:14]} {[%emt 00:00:06]} Nxe4
{[%clk 01:31:57]} {[%emt 00:00:05]} 5. Qf3 {[%clk 01:32:40]} {[%emt 00:00:03]}
Nxc3 {[%clk 01:27:36]} {[%emt 00:04:52]} 6. bxc3 {[%clk 01:33:02]} {[%emt
00:00:08]} c5 {[%clk 01:26:54]} {[%emt 00:01:12]} 7. Bb5+ {[%clk 01:33:15]}
{[%emt 00:00:17]} Bd7 {[%clk 01:24:10]} {[%emt 00:03:14]} 8. Rb1 {[%clk
01:33:12]} {[%emt 00:00:32]} Bxb5 {[%clk 01:12:50]} {[%emt 00:11:49]} 9. Rxb5
{[%clk 01:33:38]} {[%emt 00:00:06]} Qd7 {[%clk 00:59:20]} {[%emt 00:14:00]} 10.
c4 {[%clk 01:28:08]} {[%emt 00:06:00]} Nc6 {[%clk 00:58:21]} {[%emt 00:01:29]}
11. Qxd5 {[%clk 01:10:23]} {[%emt 00:18:15]} O-O-O {[%clk 00:54:48]} {[%emt
00:04:02]} 12. Qxd7+ {[%clk 01:03:21]} {[%emt 00:07:32]} Rxd7 {[%clk 00:55:08]}
{[%emt 00:00:11]} 13. Bb2 {[%clk 01:02:50]} {[%emt 00:01:01]} Nb4 {[%clk
00:48:45]} {[%emt 00:06:52]} 14. Kd1 {[%clk 01:02:45]} {[%emt 00:00:36]} b6
{[%clk 00:44:32]} {[%emt 00:04:43]} 15. a3 {[%clk 01:02:01]} {[%emt 00:01:14]}
a6 {[%clk 00:35:44]} {[%emt 00:09:17]} 16. Rxb6 {[%clk 01:02:15]} {[%emt
00:00:16]} Kc7 {[%clk 00:36:06]} {[%emt 00:00:08]} 17. Rd6 {[%clk 01:01:57]}
{[%emt 00:00:48]} Bxd6 {[%clk 00:33:35]} {[%emt 00:03:02]} 18. exd6+ {[%clk
00:59:51]} {[%emt 00:02:35]} Kxd6 {[%clk 00:31:04]} {[%emt 00:03:01]} 19. axb4
{[%clk 01:00:14]} {[%emt 00:00:07]} cxb4 {[%clk 00:31:31]} {[%emt 00:00:03]}
20. Nf3 {[%clk 00:53:52]} {[%emt 00:06:52]} f6 {[%clk 00:31:09]} {[%emt
00:00:53]} 21. d3 {[%clk 00:53:51]} {[%emt 00:00:31]} Re8 {[%clk 00:30:08]}
{[%emt 00:01:30]} 22. Kd2 {[%clk 00:52:32]} {[%emt 00:01:49]} a5 {[%clk
00:28:03]} {[%emt 00:02:35]} 23. Ra1 {[%clk 00:52:51]} {[%emt 00:00:11]} Ra8
{[%clk 00:27:50]} {[%emt 00:00:42]} 24. Ra4 {[%clk 00:52:24]} {[%emt 00:00:57]}
Kc5 {[%clk 00:23:16]} {[%emt 00:05:05]} 25. c3 {[%clk 00:50:57]} {[%emt
00:01:57]} b3 {[%clk 00:22:06]} {[%emt 00:01:41]} 26. Nd4 {[%clk 00:51:03]}
{[%emt 00:00:23]} Rb7 {[%clk 00:21:14]} {[%emt 00:01:22]} 27. Ba3+ {[%clk
00:50:45]} {[%emt 00:00:49]} Kb6 {[%clk 00:21:38]} {[%emt 00:00:05]} 28. Nxb3
{[%clk 00:51:03]} {[%emt 00:00:12]} f5 {[%clk 00:21:35]} {[%emt 00:00:34]} 29.
Bc5+ {[%clk 00:49:55]} {[%emt 00:01:37]} Kc7 {[%clk 00:21:42]} {[%emt
00:00:22]} 30. Bb4 {[%clk 00:50:17]} {[%emt 00:00:09]} Rba7 {[%clk 00:21:44]}
{[%emt 00:00:28]} 31. Bxa5+ {[%clk 00:47:53]} {[%emt 00:02:54]} Kc8 {[%clk
00:22:10]} {[%emt 00:00:05]} 32. c5 {[%clk 00:46:16]} {[%emt 00:02:07]} g5
{[%clk 00:20:37]} {[%emt 00:02:03]} 33. d4 {[%clk 00:46:07]} {[%emt 00:00:38]}
f4 {[%clk 00:21:05]} {[%emt 00:00:02]} 34. d5 {[%clk 00:46:15]} {[%emt
00:00:23]} g4 {[%clk 00:21:28]} {[%emt 00:00:07]} 35. c6 {[%clk 00:46:16]}
{[%emt 00:00:28]} 1-0

[Event "DVM U20 2020"]
[Site "Willingen GER"]
[Date "2021.06.27"]
[Round "7"]
[White "Reichelt, Florian"]
[Black "Bargsten, Justus"]
[Result "0-1"]
[Termination "normal"]
[Board "7.3"]
[WhiteElo "1949"]
[BlackElo "2052"]
[WhiteClock "00:14:56"]
[BlackClock "00:25:49"]
[WhiteTeam "Biebertaler Schachfreunde"]
[BlackTeam "Post SV Uelzen"]
[PlyCount "82"]
[WhiteFideId "12960276"]
[BlackFideId "12974188"]
[EventCountry "GER"]
[EventRounds "7"]
[EventType "team-swiss"]
[EventDate "2021.06.23"]

1. e4 {[%clk 01:30:57]} {[%emt 00:00:02]} c5 {[%clk 01:30:52]} {[%emt
00:00:08]} 2. Nf3 {[%clk 01:31:19]} {[%emt 00:00:09]} Nc6 {[%clk 01:31:18]}
{[%emt 00:00:04]} 3. d4 {[%clk 01:31:38]} {[%emt 00:00:11]} cxd4 {[%clk
01:31:44]} {[%emt 00:00:04]} 4. Nxd4 {[%clk 01:32:01]} {[%emt 00:00:07]} Nf6
{[%clk 01:32:09]} {[%emt 00:00:04]} 5. Nc3 {[%clk 01:32:09]} {[%emt 00:00:22]}
e5 {[%clk 01:32:34]} {[%emt 00:00:05]} 6. Ndb5 {[%clk 01:28:58]} {[%emt
00:03:41]} d6 {[%clk 01:32:24]} {[%emt 00:00:41]} 7. Bg5 {[%clk 01:28:54]}
{[%emt 00:00:33]} a6 {[%clk 01:32:46]} {[%emt 00:00:08]} 8. Na3 {[%clk
01:29:15]} {[%emt 00:00:10]} b5 {[%clk 01:33:11]} {[%emt 00:00:04]} 9. Nd5
{[%clk 01:29:37]} {[%emt 00:00:08]} Be7 {[%clk 01:33:34]} {[%emt 00:00:07]} 10.
Bxf6 {[%clk 01:29:58]} {[%emt 00:00:09]} Bxf6 {[%clk 01:34:00]} {[%emt
00:00:05]} 11. c3 {[%clk 01:30:04]} {[%emt 00:00:24]} Ne7 {[%clk 01:34:26]}
{[%emt 00:00:03]} 12. Nxf6+ {[%clk 01:30:17]} {[%emt 00:00:18]} gxf6 {[%clk
01:34:47]} {[%emt 00:00:09]} 13. Nc2 {[%clk 01:30:26]} {[%emt 00:00:21]} f5
{[%clk 01:34:25]} {[%emt 00:00:51]} 14. f3 {[%clk 01:28:39]} {[%emt 00:02:17]}
fxe4 {[%clk 01:28:54]} {[%emt 00:06:02]} 15. fxe4 {[%clk 01:29:01]} {[%emt
00:00:07]} d5 {[%clk 01:20:13]} {[%emt 00:09:12]} 16. Bd3 {[%clk 01:20:20]}
{[%emt 00:09:10]} dxe4 {[%clk 01:12:36]} {[%emt 00:08:07]} 17. Bxe4 {[%clk
01:20:43]} {[%emt 00:00:08]} Qxd1+ {[%clk 01:12:53]} {[%emt 00:00:12]} 18. Rxd1
{[%clk 01:21:05]} {[%emt 00:00:08]} Ra7 {[%clk 01:12:39]} {[%emt 00:00:43]} 19.
g3 {[%clk 01:20:32]} {[%emt 00:01:05]} Be6 {[%clk 00:58:52]} {[%emt 00:14:16]}
20. Nb4 {[%clk 01:15:09]} {[%emt 00:05:53]} O-O {[%clk 00:54:14]} {[%emt
00:05:09]} 21. Rd6 {[%clk 01:10:51]} {[%emt 00:04:47]} a5 {[%clk 00:48:13]}
{[%emt 00:06:30]} 22. Nd5 {[%clk 01:10:18]} {[%emt 00:01:04]} Rc8 {[%clk
00:38:17]} {[%emt 00:10:25]} 23. Kd2 {[%clk 01:07:53]} {[%emt 00:02:56]} b4
{[%clk 00:36:48]} {[%emt 00:01:59]} 24. Rc1 {[%clk 01:06:37]} {[%emt 00:01:47]}
Rc4 {[%clk 00:34:51]} {[%emt 00:02:26]} 25. b3 {[%clk 00:57:56]} {[%emt
00:09:12]} Bxd5 {[%clk 00:32:55]} {[%emt 00:02:26]} 26. Bxd5 {[%clk 00:57:53]}
{[%emt 00:00:33]} Rc5 {[%clk 00:28:27]} {[%emt 00:04:56]} 27. Bf3 {[%clk
00:52:48]} {[%emt 00:05:36]} Rac7 {[%clk 00:27:42]} {[%emt 00:01:14]} 28. c4
{[%clk 00:50:41]} {[%emt 00:02:38]} Nf5 {[%clk 00:27:50]} {[%emt 00:00:21]} 29.
Rf6 {[%clk 00:50:33]} {[%emt 00:00:38]} Rd7+ {[%clk 00:26:43]} {[%emt
00:01:38]} 30. Ke1 {[%clk 00:47:39]} {[%emt 00:03:24]} Nd4 {[%clk 00:26:59]}
{[%emt 00:00:14]} 31. Be4 {[%clk 00:43:56]} {[%emt 00:04:13]} Kg7 {[%clk
00:26:53]} {[%emt 00:00:35]} 32. Rf2 {[%clk 00:37:30]} {[%emt 00:06:57]} a4
{[%clk 00:26:50]} {[%emt 00:00:33]} 33. a3 {[%clk 00:30:46]} {[%emt 00:07:15]}
Nxb3 {[%clk 00:25:18]} {[%emt 00:02:02]} 34. axb4 {[%clk 00:30:53]} {[%emt
00:00:22]} Nxc1 {[%clk 00:25:37]} {[%emt 00:00:11]} 35. bxc5 {[%clk 00:31:11]}
{[%emt 00:00:12]} Rd4 {[%clk 00:25:34]} {[%emt 00:00:32]} 36. Bb1 {[%clk
00:19:23]} {[%emt 00:12:19]} Rxc4 {[%clk 00:25:44]} {[%emt 00:00:19]} 37. Rc2
{[%clk 00:14:26]} {[%emt 00:05:28]} Nd3+ {[%clk 00:26:08]} {[%emt 00:00:06]}
38. Kd2 {[%clk 00:14:29]} {[%emt 00:00:26]} Rxc2+ {[%clk 00:26:27]} {[%emt
00:00:12]} 39. Bxc2 {[%clk 00:14:43]} {[%emt 00:00:16]} Nxc5 {[%clk 00:26:51]}
{[%emt 00:00:05]} 40. Kc3 {[%clk 00:15:00]} {[%emt 00:00:14]} a3 {[%clk
00:26:19]} {[%emt 00:01:02]} 41. Bb1 {[%clk 00:14:56]} {[%emt 00:00:34]} e4
{[%clk 00:25:49]} {[%emt 00:01:01]} 0-1

[Event "DVM U20 2020"]
[Site "Willingen GER"]
[Date "2021.06.27"]
[Round "7"]
[White "Falke, Philipp"]
[Black "Engert, Kiyan"]
[Result "1/2-1/2"]
[Termination "normal"]
[Board "7.4"]
[WhiteElo "1334"]
[BlackElo "1781"]
[WhiteClock "00:39:38"]
[BlackClock "00:45:18"]
[WhiteTeam "Post SV Uelzen"]
[BlackTeam "Biebertaler Schachfreunde"]
[PlyCount "40"]
[WhiteFideId "16294696"]
[BlackFideId "16214870"]
[EventCountry "GER"]
[EventRounds "7"]
[EventType "team-swiss"]
[EventDate "2021.06.23"]

1. e4 {[%clk 01:30:52]} {[%emt 00:00:07]} e5 {[%clk 01:30:54]} {[%emt
00:00:07]} 2. Nf3 {[%clk 01:31:12]} {[%emt 00:00:09]} Nc6 {[%clk 01:31:19]}
{[%emt 00:00:05]} 3. Bc4 {[%clk 01:31:30]} {[%emt 00:00:13]} Nf6 {[%clk
01:31:30]} {[%emt 00:00:19]} 4. d3 {[%clk 01:31:41]} {[%emt 00:00:18]} Be7
{[%clk 01:31:33]} {[%emt 00:00:27]} 5. c3 {[%clk 01:31:07]} {[%emt 00:01:04]}
O-O {[%clk 01:31:48]} {[%emt 00:00:16]} 6. O-O {[%clk 01:30:31]} {[%emt
00:01:05]} d6 {[%clk 01:32:07]} {[%emt 00:00:12]} 7. h3 {[%clk 01:29:57]}
{[%emt 00:01:03]} Na5 {[%clk 01:31:39]} {[%emt 00:00:59]} 8. Bb5 {[%clk
01:26:59]} {[%emt 00:03:27]} a6 {[%clk 01:32:01]} {[%emt 00:00:09]} 9. Ba4
{[%clk 01:27:14]} {[%emt 00:00:14]} b5 {[%clk 01:32:25]} {[%emt 00:00:07]} 10.
Bc2 {[%clk 01:27:24]} {[%emt 00:00:20]} c5 {[%clk 01:32:49]} {[%emt 00:00:06]}
11. Nbd2 {[%clk 01:25:25]} {[%emt 00:02:29]} Nc6 {[%clk 01:31:33]} {[%emt
00:01:46]} 12. Re1 {[%clk 01:24:19]} {[%emt 00:01:36]} h6 {[%clk 01:29:10]}
{[%emt 00:02:53]} 13. Nf1 {[%clk 01:23:14]} {[%emt 00:01:35]} Nh7 {[%clk
01:25:00]} {[%emt 00:04:40]} 14. Ng3 {[%clk 01:20:51]} {[%emt 00:02:52]} Ng5
{[%clk 01:24:39]} {[%emt 00:00:52]} 15. Bd2 {[%clk 01:14:14]} {[%emt 00:07:05]}
Be6 {[%clk 01:18:33]} {[%emt 00:06:38]} 16. a3 {[%clk 01:10:09]} {[%emt
00:04:35]} Nxf3+ {[%clk 01:03:31]} {[%emt 00:15:32]} 17. Qxf3 {[%clk 01:10:19]}
{[%emt 00:00:19]} Bg5 {[%clk 01:03:51]} {[%emt 00:00:10]} 18. Be3 {[%clk
01:05:40]} {[%emt 00:05:08]} g6 {[%clk 00:53:44]} {[%emt 00:10:38]} 19. Ne2
{[%clk 00:57:12]} {[%emt 00:08:57]} Kg7 {[%clk 00:49:43]} {[%emt 00:04:32]} 20.
Rad1 {[%clk 00:39:38]} {[%emt 00:18:04]} Bxe3 {[%clk 00:45:18]} {[%emt
00:04:55]} 1/2-1/2

[Event "DVM U20 2020"]
[Site "Willingen GER"]
[Date "2021.06.27"]
[Round "7"]
[White "Grunwald, Jonathan"]
[Black "Schulze, Max Peter"]
[Result "1-0"]
[Termination "normal"]
[Board "7.5"]
[WhiteElo "1798"]
[BlackElo "1125"]
[WhiteClock "00:15:31"]
[BlackClock "00:37:24"]
[WhiteTeam "Biebertaler Schachfreunde"]
[BlackTeam "Post SV Uelzen"]
[PlyCount "61"]
[WhiteFideId "12955744"]
[BlackFideId "16272200"]
[EventCountry "GER"]
[EventRounds "7"]
[EventType "team-swiss"]
[EventDate "2021.06.23"]

1. e4 {[%clk 01:30:57]} {[%emt 00:00:03]} e6 {[%clk 01:30:51]} {[%emt
00:00:10]} 2. d3 {[%clk 01:29:54]} {[%emt 00:01:33]} d5 {[%clk 01:30:57]}
{[%emt 00:00:23]} 3. Nd2 {[%clk 01:30:16]} {[%emt 00:00:08]} Nc6 {[%clk
01:29:10]} {[%emt 00:02:18]} 4. Ngf3 {[%clk 01:30:20]} {[%emt 00:00:26]} Bd6
{[%clk 01:26:06]} {[%emt 00:03:33]} 5. g3 {[%clk 01:30:32]} {[%emt 00:00:19]}
Nge7 {[%clk 01:26:02]} {[%emt 00:00:33]} 6. Bg2 {[%clk 01:30:27]} {[%emt
00:00:36]} O-O {[%clk 01:25:02]} {[%emt 00:01:30]} 7. O-O {[%clk 01:30:47]}
{[%emt 00:00:10]} Bd7 {[%clk 01:24:34]} {[%emt 00:00:57]} 8. Re1 {[%clk
01:31:01]} {[%emt 00:00:16]} Ng6 {[%clk 01:23:15]} {[%emt 00:01:50]} 9. h4
{[%clk 01:26:40]} {[%emt 00:04:51]} d4 {[%clk 01:19:24]} {[%emt 00:04:18]} 10.
h5 {[%clk 01:22:01]} {[%emt 00:05:12]} Nge5 {[%clk 01:18:04]} {[%emt 00:01:49]}
11. Nxe5 {[%clk 01:22:07]} {[%emt 00:00:25]} Nxe5 {[%clk 01:17:38]} {[%emt
00:00:56]} 12. f4 {[%clk 01:22:07]} {[%emt 00:00:30]} Nc6 {[%clk 01:16:25]}
{[%emt 00:01:43]} 13. Nf3 {[%clk 00:44:54]} {[%emt 00:37:42]} g6 {[%clk
01:09:25]} {[%emt 00:07:30]} 14. Kf2 {[%clk 00:41:35]} {[%emt 00:03:49]} h6
{[%clk 01:03:04]} {[%emt 00:06:51]} 15. Rh1 {[%clk 00:37:31]} {[%emt 00:04:34]}
Kg7 {[%clk 01:01:05]} {[%emt 00:02:29]} 16. Nh2 {[%clk 00:22:53]} {[%emt
00:15:08]} Ne7 {[%clk 00:59:15]} {[%emt 00:02:20]} 17. Ng4 {[%clk 00:21:08]}
{[%emt 00:02:15]} Rh8 {[%clk 00:54:57]} {[%emt 00:04:48]} 18. e5 {[%clk
00:20:16]} {[%emt 00:01:22]} Bc5 {[%clk 00:53:56]} {[%emt 00:01:31]} 19. Bxb7
{[%clk 00:19:39]} {[%emt 00:01:08]} Rb8 {[%clk 00:53:38]} {[%emt 00:00:48]} 20.
Be4 {[%clk 00:19:56]} {[%emt 00:00:12]} Ng8 {[%clk 00:46:38]} {[%emt 00:07:30]}
21. Kg2 {[%clk 00:16:55]} {[%emt 00:03:31]} f5 {[%clk 00:45:19]} {[%emt
00:01:50]} 22. exf6+ {[%clk 00:16:47]} {[%emt 00:00:38]} Nxf6 {[%clk 00:45:22]}
{[%emt 00:00:27]} 23. hxg6 {[%clk 00:16:49]} {[%emt 00:00:28]} Nxe4 {[%clk
00:44:35]} {[%emt 00:01:17]} 24. dxe4 {[%clk 00:17:07]} {[%emt 00:00:11]} Kxg6
{[%clk 00:40:55]} {[%emt 00:04:10]} 25. Nxh6 {[%clk 00:14:16]} {[%emt
00:03:22]} Rxh6 {[%emt 00:01:40]} 26. f5+ {[%clk 00:14:31]} {[%emt 00:00:10]}
exf5 {[%clk 00:38:36]} {[%emt 00:01:44]} 27. Rxh6+ {[%clk 00:14:02]} {[%emt
00:00:58]} Kf7 {[%clk 00:38:25]} {[%emt 00:00:39]} 28. Qh5+ {[%clk 00:14:24]}
{[%emt 00:00:10]} Kg7 {[%clk 00:37:46]} {[%emt 00:01:10]} 29. Rg6+ {[%clk
00:14:42]} {[%emt 00:00:11]} Kf8 {[%clk 00:37:31]} {[%emt 00:00:46]} 30. Qh8+
{[%clk 00:15:07]} {[%emt 00:00:05]} Kf7 {[%clk 00:37:24]} {[%emt 00:00:37]} 31.
Qh7+ {[%clk 00:15:31]} {[%emt 00:00:06]} 1-0

[Event "DVM U20 2020"]
[Site "Willingen GER"]
[Date "2021.06.27"]
[Round "7"]
[White "Ortmeier, Leonhard"]
[Black "Küppers, Timo"]
[Result "0-1"]
[Termination "normal"]
[Board "8.1"]
[WhiteTitle "FM"]
[BlackTitle "FM"]
[WhiteElo "2290"]
[BlackElo "2287"]
[WhiteClock "00:05:22"]
[BlackClock "00:07:22"]
[WhiteTeam "Schachklub Münster 32 e. V."]
[BlackTeam "Schachfreunde Essen-Katernberg"]
[PlyCount "64"]
[WhiteFideId "12993662"]
[BlackFideId "16205820"]
[EventCountry "GER"]
[EventRounds "7"]
[EventType "team-swiss"]
[EventDate "2021.06.23"]

1. Nf3 {[%clk 01:30:25]} {[%emt 00:00:34]} c5 {[%clk 01:30:48]} {[%emt
00:00:13]} 2. g3 {[%clk 01:30:45]} {[%emt 00:00:10]} Nc6 {[%clk 01:31:12]}
{[%emt 00:00:05]} 3. Bg2 {[%clk 01:31:05]} {[%emt 00:00:10]} g6 {[%clk
01:31:35]} {[%emt 00:00:08]} 4. O-O {[%clk 01:30:36]} {[%emt 00:00:58]} Bg7
{[%clk 01:31:59]} {[%emt 00:00:07]} 5. d3 {[%clk 01:29:35]} {[%emt 00:01:31]}
d6 {[%clk 01:28:57]} {[%emt 00:03:31]} 6. e4 {[%clk 01:26:51]} {[%emt
00:03:14]} e5 {[%clk 01:26:01]} {[%emt 00:03:27]} 7. Nc3 {[%clk 01:22:12]}
{[%emt 00:05:09]} Nge7 {[%clk 01:25:22]} {[%emt 00:01:09]} 8. Nh4 {[%clk
01:21:25]} {[%emt 00:01:17]} O-O {[%clk 01:23:39]} {[%emt 00:02:13]} 9. f4
{[%clk 01:19:00]} {[%emt 00:02:55]} exf4 {[%clk 01:23:16]} {[%emt 00:00:52]}
10. Bxf4 {[%clk 01:16:00]} {[%emt 00:03:30]} h6 {[%clk 01:17:13]} {[%emt
00:06:34]} 11. Be3 {[%clk 01:12:10]} {[%emt 00:04:19]} Be6 {[%clk 01:17:13]}
{[%emt 00:00:31]} 12. Qd2 {[%clk 01:08:41]} {[%emt 00:03:58]} Kh7 {[%clk
01:14:39]} {[%emt 00:03:05]} 13. Rae1 {[%clk 01:07:19]} {[%emt 00:01:53]} Qd7
{[%clk 01:12:21]} {[%emt 00:02:46]} 14. Kh1 {[%clk 01:04:32]} {[%emt 00:03:17]}
Rad8 {[%clk 01:09:37]} {[%emt 00:03:15]} 15. b3 {[%clk 00:54:07]} {[%emt
00:10:54]} Bh3 {[%clk 00:47:27]} {[%emt 00:22:40]} 16. Ne2 {[%clk 00:40:04]}
{[%emt 00:14:33]} Bxg2+ {[%clk 00:42:28]} {[%emt 00:05:30]} 17. Nxg2 {[%clk
00:38:28]} {[%emt 00:02:06]} f5 {[%clk 00:36:24]} {[%emt 00:06:34]} 18. exf5
{[%clk 00:36:23]} {[%emt 00:02:35]} Nxf5 {[%clk 00:35:55]} {[%emt 00:00:59]}
19. Bg1 {[%clk 00:35:30]} {[%emt 00:01:22]} Ne5 {[%clk 00:33:11]} {[%emt
00:03:14]} 20. Nef4 {[%clk 00:33:44]} {[%emt 00:02:17]} Rde8 {[%clk 00:21:17]}
{[%emt 00:12:24]} 21. Ne3 {[%clk 00:30:45]} {[%emt 00:03:28]} Nd4 {[%clk
00:17:56]} {[%emt 00:03:51]} 22. Qg2 {[%clk 00:21:52]} {[%emt 00:09:23]} Nef3
{[%clk 00:18:17]} {[%emt 00:00:10]} 23. Rd1 {[%clk 00:19:03]} {[%emt 00:03:19]}
Nxg1 {[%clk 00:17:46]} {[%emt 00:01:01]} 24. Qxg1 {[%clk 00:17:26]} {[%emt
00:02:06]} Qc6+ {[%clk 00:18:10]} {[%emt 00:00:06]} 25. Nfg2 {[%clk 00:11:14]}
{[%emt 00:06:43]} Nf3 {[%clk 00:12:59]} {[%emt 00:05:41]} 26. Qf2 {[%clk
00:10:36]} {[%emt 00:01:08]} Bd4 {[%clk 00:10:31]} {[%emt 00:02:57]} 27. Qe2
{[%clk 00:07:56]} {[%emt 00:03:11]} Bxe3 {[%clk 00:09:14]} {[%emt 00:01:46]}
28. Nxe3 {[%clk 00:08:15]} {[%emt 00:00:11]} Nd2+ {[%clk 00:09:23]} {[%emt
00:00:21]} 29. Kg1 {[%clk 00:06:34]} {[%emt 00:02:11]} Nf3+ {[%clk 00:07:03]}
{[%emt 00:02:49]} 30. Kh1 {[%clk 00:06:29]} {[%emt 00:00:35]} Rxe3 {[%clk
00:06:57]} {[%emt 00:00:36]} 31. Qxe3 {[%clk 00:06:04]} {[%emt 00:00:56]} Ng5+
{[%clk 00:07:22]} {[%emt 00:00:06]} 32. Kg1 {[%clk 00:05:22]} {[%emt 00:01:12]}
Nh3# {[%emt 00:00:06]} 0-1